Detalles MARC
| 000 -CABECERA |
| campo de control de longitud fija |
01494nam a22003017a 4500 |
| 003 - IDENTIFICADOR DEL NÚMERO DE CONTROL |
| campo de control |
DO-SdBNP |
| 005 - FECHA Y HORA DE LA ÚLTIMA TRANSACCIÓN |
| campo de control |
20240306184406.0 |
| 007 - CAMPO FIJO DE DESCRIPCIÓN FÍSICA--INFORMACIÓN GENERAL |
| campo de control de longitud fija |
ta |
| 008 - DATOS DE LONGITUD FIJA--INFORMACIÓN GENERAL |
| campo de control de longitud fija |
210707e2022 dr a|||er|||| 001 0 spa d |
| 020 ## - NÚMERO INTERNACIONAL ESTÁNDAR DEL LIBRO |
| Número Internacional Estándar del Libro |
9789945921281 |
| 040 ## - FUENTE DE LA CATALOGACIÓN |
| Centro catalogador/agencia de origen |
DO-SdBNP |
| Lengua de catalogación |
spa |
| Centro/agencia transcriptor |
BNPHU |
| 082 #4 - NÚMERO DE LA CLASIFICACIÓN DECIMAL DEWEY |
| Número de clasificación |
xxx |
| Número de documento/Ítem |
I59s |
| Número de edición |
22 |
| 110 2# - ENTRADA PRINCIPAL--NOMBRE DE ENTIDAD CORPORATIVA |
| Nombre de entidad corporativa o nombre de jurisdicción como elemento de entrada |
Instituto Superior de Formación Docente Salomé Ureña |
| 9 (RLIN) |
80965 |
| 245 10 - MENCIÓN DE TÍTULO |
| Título |
Preparación para ingreso a la carrera de educación prepa k-12 : |
| Resto del título |
lectura y redación, guía para estudiantes |
| 260 ## - PUBLICACIÓN, DISTRIBUCIÓN, ETC. |
| Lugar de publicación, distribución, etc. |
Santo Domingo : |
| Nombre del editor, distribuidor, etc. |
Instituto Superior de Formación Docente Salomé Ureña, |
| Fecha de publicación, distribución, etc. |
2022. |
| 300 ## - DESCRIPCIÓN FÍSICA |
| Extensión |
181 p. : |
| Otras características físicas |
il. ; |
| Dimensiones |
29 cm. |
| 490 1# - MENCIÓN DE SERIE |
| Mención de serie |
Académicas ; |
| 490 1# - MENCIÓN DE SERIE |
| Mención de serie |
Guías didácticas |
| 500 ## - NOTA GENERAL |
| Nota general |
2 Obras encuadernadas juntas, lectura y redacción y razonamiento matemático |
| 520 2# - SUMARIO, ETC. |
| Sumario, etc. |
Prólogo.-- Análisis de la práctica y la pasantía profesional. / Cheila Valera Acosta.-- La experiencia formativa del practicum en el ISFODOSU / Rosa Kranwinkel y Carmen Gálvez.-- La práctica docente en el ISFODOSU de la República Dominicana. / María del Carmen, Báez, Martha, Ortiana Serrata, Cheila Valera Acosta y Romelia Colón.-- Lineamientos del Sistema de Prácticas Docentes. |
| 590 ## - NOTA LOCAL (RLIN) |
| Nota local |
Inventariado 2021 / MF |
| 650 14 - PUNTO DE ACCESO ADICIONAL DE MATERIA--TÉRMINO DE MATERIA |
| Término de materia o nombre geográfico como elemento de entrada |
Educación como profesión |
| Subdivisión geográfica |
República Dominicana |
| 9 (RLIN) |
79118 |
| 650 14 - PUNTO DE ACCESO ADICIONAL DE MATERIA--TÉRMINO DE MATERIA |
| Término de materia o nombre geográfico como elemento de entrada |
Capacitación docente |
| Subdivisión geográfica |
República Dominicana |
| 9 (RLIN) |
79119 |
| 830 #0 - PUNTO DE ACCESO ADICIONAL DE SERIE-TÍTULO UNIFORME |
| 9 (RLIN) |
75873 |
| Título uniforme |
Académicas ; |
| 830 #0 - PUNTO DE ACCESO ADICIONAL DE SERIE-TÍTULO UNIFORME |
| Número de parte o sección de la obra |
Guías didácticas |
| 9 (RLIN) |
79120 |
| 910 ## - DATOS DE OPCIÓN DEL USUARIO (OCLC) |
| Datos de opción del usuario |
DG |
| 942 ## - ELEMENTOS DE PUNTO DE ACCESO ADICIONAL (KOHA) |
| Fuente del sistema de clasificación o colocación |
Dewey Decimal Classification |
| Tipo de ítem Koha |
Libro |